[Event "CSR-ch"]
[Site "Marianske Lazne"]
[Date "1978.??.??"]
[Round "15"]
[White "Smejkal, Jan"]
[Black "Hausner, Ivan"]
[Result "1-0"]
[WhiteElo "2555"]
[BlackElo "2365"]

1.d4 Nf6 2.c4 e6 3.Nf3 b6 4.a3 Bb7 5.Nc3 d5 6.cxd5 Nxd5 7.e3 Be7 8.Bb5+ c6
9.Bd3 O-O 10.e4 Nxc3 11.bxc3 c5 12.O-O Nc6 13.Be3 cxd4 14.cxd4 Rc8 15.Qe2 Bf6
16.Rad1 Be7 17.d5 exd5 18.exd5 Na5 19.d6 Bf6 20.d7 Ra8 21.Bf4 Qe7 22.Bd6 Qxe2
23.Bxe2 Rfd8 24.Bc7 Rf8 25.Nd4 g6 26.Rfe1 Kg7 27.Bb5 Bd8 28.Be5+ Bf6 29.Bxf6+ Kxf6
30.Re8 a6 31.Rxf8 Rxf8 32.Re1  1-0

[Event "SWE-ch"]
[Site "SWE"]
[Date "1978.??.??"]
[Round "?"]
[White "Niklasson, Christer"]
[Black "Renman, Nils Gustaf"]
[Result "1/2-1/2"]
[WhiteElo "2340"]
[BlackElo "2400"]

1.d4 e6 2.Nf3 Nf6 3.c4 b6 4.a3 Bb7 5.Nc3 d5 6.cxd5 exd5 7.g3 Nbd7 8.Bg2 Be7
9.O-O O-O 10.Bf4 c6 11.Re1 Re8 12.Qb3 h6 13.Rad1 Bf8 14.h3 Nh5 15.Bc1 Qc7
16.Nd2 Rad8 17.e4 dxe4 18.Ndxe4 Ndf6 19.Qc4 Nxe4 20.Nxe4 Qe7 21.Qe2 g6 22.g4 Ng7
23.Bxh6 Ne6 24.Bxf8 Kxf8 25.Qd2 c5 26.Qh6+ Kg8 27.dxc5 Rxd1 28.Rxd1 Bxe4
29.Bxe4 Ng5 30.Bd5 Qf6 31.cxb6 Re2 32.Rf1 axb6 33.b3 b5 34.a4 Rd2 35.Bg2 bxa4
36.bxa4 Ra2 37.h4 Nf3+ 38.Bxf3 Qxf3 39.Qe3 Qxg4+ 40.Qg3 Rxa4  1/2-1/2

[Event "SWE-ch"]
[Site "SWE"]
[Date "1978.??.??"]
[Round "?"]
[White "Niklasson, Christer"]
[Black "Helmertz, Per Inge"]
[Result "1-0"]
[WhiteElo "2340"]
[BlackElo "2305"]

1.d4 Nf6 2.c4 e6 3.Nf3 b6 4.a3 c5 5.e3 Be7 6.d5 d6 7.Nc3 e5 8.Bd3 O-O 9.e4 a6
10.h3 Ne8 11.Qe2 Ra7 12.g4 Kh8 13.Be3 g6 14.Bh6 Rg8 15.h4 Bf8 16.Bxf8 Bxg4
17.Bxd6 Nxd6 18.Qe3 Bxf3 19.Qxf3 b5 20.cxb5 c4 21.Qe3 Ra8 22.Bc2 axb5 23.O-O-O Nd7
24.f4 f6 25.f5 gxf5 26.exf5 b4 27.axb4 Ra1+ 28.Bb1 Rg4 29.Rhg1 Nxf5 30.Qh3 Rf4
31.Ne2 Rf2 32.Qg4 Qf8 33.Rd2 e4 34.Qxe4 Ne5 35.Nf4 Rxf4 36.Qxf4 Nd3+ 37.Rxd3 cxd3
38.Kd2 Ne7 39.Qe4 Ng6 40.Rf1 Qh6+ 41.Kxd3 Ra7 42.Qf5 Re7 43.Qxf6+ Kg8 44.Qg5 Qg7  1-0

[Event "CAN-ch/zt"]
[Site "Toronto"]
[Date "1978.??.??"]
[Round "4"]
[White "Coudari, Camille"]
[Black "Lipnowski, Irvin"]
[Result "0-1"]
[WhiteElo "2285"]
[BlackElo "2390"]

1.d4 Nf6 2.c4 e6 3.Nf3 b6 4.a3 Be7 5.Nc3 d5 6.cxd5 Nxd5 7.e3 Nxc3 8.bxc3 O-O
9.Bd3 Bb7 10.O-O c5 11.Qe2 Nc6 12.e4 cxd4 13.cxd4 Nxd4 14.Nxd4 Qxd4 15.Bb2 Qd6
16.Rad1 Rfd8 17.Qg4 Bf8 18.Bf6 Rdc8 19.Rfe1 Qxa3 20.e5 g6 21.Bxg6 hxg6 22.Re3 Qc1
23.h4 Rc4 24.Qe2 Qc2 25.Rd2 Qa4 26.Kh2 Re4 27.Rdd3 Ba6  0-1

[Event "CAN-ch/zt"]
[Site "Toronto"]
[Date "1978.??.??"]
[Round "4"]
[White "Spraggett, Kevin"]
[Black "Harper, Bruce"]
[Result "1/2-1/2"]
[WhiteElo "2450"]
[BlackElo "2365"]

1.c4 Nf6 2.d4 e6 3.Nf3 b6 4.a3 Bb7 5.Nc3 d5 6.cxd5 Nxd5 7.e3 Nd7 8.Bd3 Be7
9.O-O O-O 10.e4 Nxc3 11.bxc3 c5 12.Qe2 Rc8 13.a4 Qc7 14.Be3 Rfd8 15.Nd2 Nb8
16.f3 cxd4 17.cxd4 Nc6 18.Nb3 Nb4 19.Rfc1 Qd6 20.Bc4 a5 21.Bb5 Rxc1+ 22.Rxc1 Rc8
23.Qd2  1/2-1/2

[Event "Schacknytts Jubileumsturnering"]
[Site "Malmo"]
[Date "1979.11.30"]
[Round "5"]
[White "Niklasson, Christer"]
[Black "Stean, Michael"]
[Result "0-1"]
[WhiteElo "2385"]
[BlackElo "2540"]

1.d4 Nf6 2.c4 e6 3.Nf3 b6 4.a3 c5 5.e3 Bb7 6.Nc3 cxd4 7.exd4 d5 8.cxd5 Nxd5
9.Bb5+ Bc6 10.Bd3 Be7 11.Ne5 O-O 12.O-O Bf6 13.Ne4 Bxe5 14.dxe5 Nd7 15.Ng5 h6
16.Nf3 Ne7 17.Bf4 Nc5 18.Be2 Qxd1 19.Raxd1 Ng6 20.Bg3 Rad8 21.Rd6 Bd5 22.Nd2 Rc8
23.Bf3 Nb7 24.Rd7 Rfd8 25.Rxd8+ Rxd8 26.Ne4 Bxe4 27.Bxe4 Nc5 28.Bxg6 fxg6
29.Bf4 Nd3 30.Rd1 Rd5 31.Be3 Nxb2 32.Rc1 Nc4 33.Kf1 Nxe3+ 34.fxe3 Rxe5 35.Rc8+ Kh7
36.Ke2 g5 37.Rc7 Ra5 38.Rc3 Kg6 39.Kf3 Kf6 40.h3 h5 41.Rd3 h4 42.Kg4 g6 43.Kf3 Ra4
44.Rb3 Kf5 45.g4+ hxg3 46.Kxg3 e5 47.Rc3 b5 48.Rb3 a6 49.Rd3 Ke6 50.Kg2 e4
51.Rc3 Rc4 52.Rb3 Kd5 53.Kg3 Rc5  0-1

[Event "Schacknytts Jubileumsturnering"]
[Site "Malmo"]
[Date "1979.12.01"]
[Round "6"]
[White "Schmidt, Wlodzimierz"]
[Black "Ornstein, Axel"]
[Result "1/2-1/2"]
[WhiteElo "2430"]
[BlackElo "2445"]

1.d4 Nf6 2.c4 e6 3.Nf3 b6 4.a3 Ba6 5.e3 d5 6.Nbd2 c5 7.b3 Be7 8.Bb2 O-O 9.Bd3 Nbd7
10.O-O Rc8 11.Qe2 Qc7 12.Rac1  1/2-1/2

[Event "Schacknytts Jubileumsturnering"]
[Site "Malmo"]
[Date "1979.12.03"]
[Round "7"]
[White "Ornstein, Axel"]
[Black "Stean, Michael"]
[Result "1-0"]
[WhiteElo "2445"]
[BlackElo "2540"]

1.d4 Nf6 2.c4 e6 3.Nf3 b6 4.a3 Bb7 5.Nc3 d5 6.cxd5 Nxd5 7.e3 Be7 8.Bb5+ c6
9.Bd3 Nxc3 10.bxc3 c5 11.O-O O-O 12.e4 Nc6 13.Be3 Na5 14.Qe2 Rc8 15.Rfe1 cxd4
16.cxd4 Rc3 17.a4 Qa8 18.Bf4 Nc6 19.Bd2 Rb3 20.d5 Nb4 21.Bc4 Rb2 22.dxe6 fxe6
23.Bxe6+ Kh8 24.Ne5 Bc5 25.Ng6+ hxg6 26.Ra3  1-0

[Event "IBM-B"]
[Site "Amsterdam"]
[Date "1979.??.??"]
[Round "9"]
[White "Nemet, Ivan"]
[Black "Enklaar, Bertus F"]
[Result "1/2-1/2"]
[WhiteElo "2470"]
[BlackElo "2400"]

1.d4 Nf6 2.Nf3 e6 3.c4 b6 4.a3 c5 5.e3 Be7 6.Nc3 Bb7 7.Bd3 O-O 8.O-O d5 9.Qe2 Nbd7
10.Rd1 Rc8 11.b3 Ne4 12.Bb2 cxd4 13.exd4 Nxc3 14.Bxc3 dxc4 15.bxc4 Bf6 16.a4 Qc7
17.a5 Rfd8 18.axb6 axb6 19.Qe3 Nf8 20.Be2 Ra8 21.g3 Rxa1 22.Bxa1 Qc6 23.d5 exd5
24.cxd5 Rxd5 25.Rxd5 Qxd5 26.Bxf6 gxf6 27.Qxb6 Ne6 28.h4 Nc5 29.Qxf6 Ne4
30.Qd4 Qxd4 31.Nxd4 Nd6 32.f3 Kg7 33.Kf2 h6 34.Ke3 Kf6 35.Bd3 Bc8 36.Kf4 Bd7
37.g4 Ba4 38.h5 Bd7 39.Nb3 Ba4 40.Nc5 Bd1 41.Ke3 Kg5 42.Kf2 f5 43.Kg3 fxg4
44.f4+ Kf6  1/2-1/2

[Event "URS-ch otbor"]
[Site "Beltsy"]
[Date "1979.??.??"]
[Round "?"]
[White "Gofshtein, Leonid D"]
[Black "Vitolinsh, Alvis"]
[Result "1/2-1/2"]
[WhiteElo "2400"]
[BlackElo "2430"]

1.d4 Nf6 2.c4 e6 3.Nf3 b6 4.a3 Be7 5.Nc3 O-O 6.d5 Re8 7.g3 Ba6 8.Bg2 Bxc4
9.Ne5 Bxd5 10.Nxd5 exd5 11.Bxd5 Nxd5 12.Qxd5 c6 13.Qxf7+ Kh8 14.Qh5 Qc8 15.Bf4 d5
16.Rc1 Bf8 17.O-O Qe6 18.Nf7+ Kg8 19.Ng5 Qg6 20.Qxg6 hxg6 21.e3 Rc8 22.Rfd1 Nd7
23.Ne6 Nf6 24.g4 Ne8 25.Nd4 Bc5 26.Nf3 a5 27.Ne5 Nf6 28.g5 Nh5 29.Nxg6 Kf7
30.Ne5+ Ke6 31.Kg2 Nxf4+ 32.exf4 Kf5 33.Kf3 Rh8 34.Nd7 Rxh2 35.Nxc5 bxc5
36.Rxc5 Rb8 37.Rxc6 Rb3+ 38.Rc3 Rxc3+ 39.bxc3 Rh3+ 40.Kg2 Rxc3 41.Rxd5+ Kxf4
42.Rxa5 g6 43.a4 Ra3 44.Kf1 Ra2 45.Ke1 Ke4  1/2-1/2

[Event "Breda m"]
[Site "Breda"]
[Date "1979.??.??"]
[Round "1"]
[White "Timman, Jan H"]
[Black "Polugaevsky, Lev"]
[Result "1-0"]
[WhiteElo "2625"]
[BlackElo "2625"]

1.d4 Nf6 2.c4 e6 3.Nf3 b6 4.a3 Bb7 5.Nc3 d5 6.cxd5 Nxd5 7.e3 Be7 8.Bb5+ c6
9.Bd3 O-O 10.e4 Nxc3 11.bxc3 c5 12.h4 cxd4 13.cxd4 Nc6 14.e5 Na5 15.Be3 g6
16.h5 Rc8 17.Qb1 g5 18.Bxh7+ Kh8 19.Be4 Ba6 20.Bd3 Nc4 21.O-O g4 22.Nh2 Rg8
23.g3 Bg5 24.Bxg5 Qxg5 25.Qb4 Qxh5 26.Qe7 Kg7 27.f3 Rh8 28.Ra2 gxf3 29.Rxf3 Nxe5
30.Qf6+ Kf8 31.Qxe5 Rc1+ 32.Rf1 Rxf1+ 33.Bxf1 Bxf1 34.Qxh5 Rxh5 35.Nxf1 Ra5
36.Kf2 b5 37.Rb2 Rxa3 38.Rxb5 a5 39.Ne3 a4 40.Ra5 Ra1 41.Ke2 Kg7 42.Ra6 Ra2+
43.Kf3 Ra1 44.d5 exd5 45.Nxd5 a3 46.Ne3  1-0

[Event "Brighton"]
[Site "Brighton"]
[Date "1979.??.??"]
[Round "?"]
[White "Goodman, David SC"]
[Black "Blackstock, Lesly SF"]
[Result "1/2-1/2"]
[WhiteElo "2340"]
[BlackElo "2340"]

1.d4 Nf6 2.c4 e6 3.Nf3 b6 4.a3 Bb7 5.Nc3 d5 6.cxd5 exd5 7.Bg5 Be7 8.Bxf6 Bxf6
9.e3 O-O 10.Be2 c5 11.Rc1 cxd4 12.Nxd4 Nc6 13.Ncb5 Nxd4 14.Nxd4 Rc8 15.Rxc8 Qxc8
16.O-O g6 17.Qd2 Qb8 18.Bg4 h5 19.Bf3 Rc8 20.Rc1 a6 21.g3 Be5 22.Rc3 Rxc3
23.Qxc3 h4 24.Kg2 hxg3 25.hxg3 Qd6 26.b4 Kf8 27.Qd3 Ke7 28.Ne2 Qc6 29.Nf4 Bxf4
30.gxf4 Qe6 31.Qd4 Qf6 32.Qxf6+ Kxf6 33.Kf1 g5 34.fxg5+ Kxg5 35.Ke2 Kf5 36.Bh5 f6
37.Kd3 Ke5 38.f4+ Kd6 39.Kd4 Bc6 40.Be2 a5  1/2-1/2

[Event "Konex"]
[Site "Buenos Aires"]
[Date "1979.??.??"]
[Round "3"]
[White "Bernat, Miguel"]
[Black "Kortschnoj, Viktor"]
[Result "0-1"]
[WhiteElo "2410"]
[BlackElo "2695"]

1.d4 Nf6 2.c4 e6 3.Nf3 b6 4.a3 c5 5.d5 Ba6 6.Qc2 exd5 7.cxd5 Bb7 8.e4 Qe7
9.Bd3 Nxd5 10.O-O Nc7 11.Nc3 Ne6 12.Nd5 Qd8 13.b3 Nc6 14.Bb2 Bd6 15.Ne3 Qc7
16.Nf5 f6 17.Bc4 Ne5 18.Bxe5 Bxe5 19.Rad1 Bf4 20.Bd5 g6 21.Ne3 Bxe3 22.fxe3 O-O
23.Qc3 Bxd5 24.Rxd5 Rae8 25.Nd2 Qd8 26.Qd3 Re7 27.Nc4 Nc7 28.Rd6 Ne8 29.Rd5 Qa8
30.Nd2 Qc6 31.Rd1 Qe6 32.h3 d6 33.a4 f5 34.exf5 Qxe3+ 35.Qxe3 Rxe3 36.fxg6 hxg6
37.Rb1 Re6 38.Nc4 Rff6 39.Rbd1 Kf7 40.R5d3 Ke7 41.R1d2  0-1

[Event "Konex"]
[Site "Buenos Aires"]
[Date "1979.??.??"]
[Round "8"]
[White "Browne, Walter S"]
[Black "Rubinetti, Jorge A"]
[Result "0-1"]
[WhiteElo "2540"]
[BlackElo "2430"]

1.d4 Nf6 2.c4 e6 3.Nf3 b6 4.a3 Bb7 5.Nc3 d5 6.cxd5 exd5 7.Bg5 Be7 8.Bxf6 Bxf6
9.g3 O-O 10.Bg2 Re8 11.O-O Nd7 12.Rc1 Nf8 13.b4 Ne6 14.b5 Qd6 15.a4 a6 16.e3 axb5
17.axb5 g6 18.Qb3 Ra3 19.Qb2 Rea8 20.Rfd1 Bg7 21.Ne1 R3a5 22.Nd3 Bf8 23.Ne5 Qd8
24.Rc2 Ng7 25.Nc6 Bxc6 26.bxc6 Ne8 27.Rb1 Nf6 28.h3 h5 29.Nb5 Kg7 30.Qb3 Bd6
31.Nc3 Ra3 32.Qb2 R3a5 33.Qc1 Qe7 34.Qd1 Qe6 35.Rcb2 Bxg3 36.Rb5 Rxb5 37.Nxb5 Bxf2+
38.Kxf2 Ra2+ 39.Kg1 Qxe3+ 40.Kh1 Ne4 41.Qe1 Nf2+  0-1

[Event "Konex"]
[Site "Buenos Aires"]
[Date "1979.??.??"]
[Round "10"]
[White "Browne, Walter S"]
[Black "Trois, Francisco RT"]
[Result "1-0"]
[WhiteElo "2540"]
[BlackElo "2415"]

1.d4 Nf6 2.c4 e6 3.Nf3 b6 4.a3 Bb7 5.Nc3 Ne4 6.Nxe4 Bxe4 7.e3 Be7 8.Bd3 Bxd3
9.Qxd3 d6 10.b4 c6 11.O-O O-O 12.e4 Nd7 13.Bf4 Re8 14.d5 exd5 15.cxd5 c5
16.Rac1 Bf8 17.b5 a6 18.a4 axb5 19.axb5 Qf6 20.Bg3 Ra4 21.Rfe1 Qg6 22.Rc4 Ra5
23.Qb1 Rea8 24.Nd2 h5 25.Rcc1 Be7 26.Nc4 Ra4 27.h4 Rb4 28.Qd3 Raa4 29.Kh2 Bxh4
30.Nxd6 Bg5 31.Nf5 Kh8 32.Rb1 Nf6 33.f3 h4 34.Be5 Nd7 35.Bc7 f6 36.Rxb4 Rxb4
37.f4 Bh6 38.Qh3 Rb2 39.Nxh4 Qh5 40.Nf3 Qxh3+ 41.Kxh3 Rxb5 42.e5 Bxf4 43.e6 Bxc7
44.e7  1-0

[Event "BCF-ch"]
[Site "Chester"]
[Date "1979.??.??"]
[Round "9"]
[White "Steedman, Jim"]
[Black "Jackson, Sheila"]
[Result "1-0"]
[WhiteElo "2200"]
[BlackElo "2095"]

1.d4 Nf6 2.c4 e6 3.Nf3 b6 4.a3 Bb7 5.Nc3 Be7 6.d5 O-O 7.e4 d6 8.Bd3 c6 9.dxe6 fxe6
10.Ng5 Qd7 11.f4 h6 12.Nf3 c5 13.O-O Nc6 14.Kh1 Rad8 15.Qe1 Nd4 16.Nxd4 cxd4
17.Ne2 e5 18.Ng3 Nh7 19.Nf5 Kh8 20.Bd2 Bf6 21.Qg3 Rfe8 22.Rae1 exf4 23.Bxf4 Be5
24.Nh4 Bxf4 25.Ng6+ Kg8 26.Rxf4 Ng5 27.b4 Nf7 28.Rf5 Re6 29.Ref1 Rxg6 30.Qxg6 Ne5
31.Qg3 Re8 32.R5f4 Qa4 33.Bb1 Ba6 34.Ba2 Bxc4 35.Bxc4+ Nxc4 36.Rf7 g5 37.Qh3 Ne5
38.Qxh6 Nxf7 39.Qg6+ Kh8 40.Qh5+ Kg8 41.Qxf7+ Kh8 42.Qh5+ Kg8 43.Qxg5+ Kh8
44.Qh5+ Kg8 45.Rf7  1-0

[Event "Copenhagen AS04"]
[Site "Copenhagen"]
[Date "1979.??.??"]
[Round "7"]
[White "Schussler, Harry"]
[Black "Kristiansen, Jens"]
[Result "1-0"]
[WhiteElo "2460"]
[BlackElo "2365"]

1.d4 Nf6 2.c4 e6 3.Nf3 b6 4.a3 Bb7 5.Nc3 d5 6.Bg5 Be7 7.Bxf6 Bxf6 8.cxd5 exd5
9.g3 O-O 10.Bg2 c5 11.O-O Na6 12.Rc1 Re8 13.e3 Rb8 14.Re1 Qd7 15.dxc5 bxc5
16.Qa4 Qc7 17.Red1 Bc6 18.Qc2 Qb7 19.Ne1 Nc7 20.Nd3 Ne6 21.Nxd5 Bxd5 22.Nxc5 Nxc5
23.Bxd5 Qa6 24.Qxc5 Rec8 25.Bc4 Rxc5 26.Bxa6 Rxc1 27.Rxc1 Bxb2 28.Rc7 Bxa3
29.Bc4 Rf8 30.Rxa7 Bc5 31.Rc7 Bb6 32.Rb7 Bc5 33.e4 h6 34.h4 g5 35.h5 Bd4
36.Kg2 Kg7 37.f4 gxf4 38.gxf4 Bc3 39.e5 Kg8 40.Kf3 Bd2 41.Ke4 Bc3  1-0

[Event "BKL-Turnier+"]
[Site "Leipzig"]
[Date "1979.??.??"]
[Round "4"]
[White "Schubert, Christian"]
[Black "Brueggemann, Joachim"]
[Result "0-1"]
[WhiteElo "2200"]
[BlackElo "2365"]

1.d4 Nf6 2.c4 e6 3.Nf3 b6 4.a3 Bb7 5.Nc3 Be7 6.d5 d6 7.e4 e5 8.Be2 a5 9.b3 Nbd7
10.O-O O-O 11.Qc2 c6 12.Bd2 Qc7 13.b4 Rfc8 14.Qb2 h6 15.Rfc1 Qd8 16.Bd3 c5
17.bxa5 Rxa5 18.a4 Rca8 19.Ra2 Bc8 20.Rca1 Nf8 21.Nb5 R5a6 22.Bc3 Ng6 23.Nd2 Ng4
24.Nb3 Bg5 25.a5 Bf4 26.h3 Nh2 27.axb6 Qg5 28.Rxa6 Rxa6 29.Rxa6 Nh4 30.g3 Bxg3
31.fxg3 Qxg3+ 32.Kh1 N2f3  0-1

[Event "Lloyds Bank op"]
[Site "London"]
[Date "1979.??.??"]
[Round "4"]
[White "Ravikumar, Vaidyanathan"]
[Black "Byrne, Stewart"]
[Result "1-0"]
[WhiteElo "2305"]
[BlackElo "2200"]

1.c4 Nf6 2.d4 e6 3.Nf3 b6 4.a3 a5 5.Nc3 Bb7 6.g3 Be7 7.Bg2 Ne4 8.Qc2 Nxc3
9.Qxc3 O-O 10.O-O a4 11.Bf4 d6 12.Qc2 f5 13.Rad1 Be4 14.Qc1 Nc6 15.d5 Na5
16.Nd4 e5 17.Ne6 Qd7 18.Bxe4 fxe4 19.Be3 Rf6 20.Qc2 Nb3 21.Qxe4 c5 22.f4 exf4
23.Bxf4 Rg6 24.e3 Re8 25.Rf2 Bf6 26.Rg2 Na5 27.g4 Bg5 28.Rf1 Be7 29.g5 Nb7
30.h4 Nd8 31.h5 Nxe6 32.hxg6 Nxg5 33.gxh7+ Kh8 34.Qg6 Nh3+ 35.Kh1 Bf6 36.Bh2 Rxe3
37.Rxf6 Re1+ 38.Bg1  1-0

[Event "Aaronson Masters"]
[Site "London"]
[Date "1979.??.??"]
[Round "7"]
[White "Niklasson, Christer"]
[Black "Bednarski, Jacek B"]
[Result "1-0"]
[WhiteElo "2385"]
[BlackElo "2375"]

1.d4 e6 2.c4 b6 3.Nf3 Nf6 4.a3 d5 5.Nc3 Be7 6.cxd5 exd5 7.Qa4+ c6 8.Ne5 Bb7
9.g3 O-O 10.Bg2 Nfd7 11.Nd3 Bf6 12.Nf4 Re8 13.O-O Nf8 14.Rd1 b5 15.Qc2 Qb6
16.e4 Bxd4 17.exd5 c5 18.Nce2 Be5 19.Be3 Bd6 20.Nc3 Rxe3 21.fxe3 c4 22.Ne4 Qxe3+
23.Qf2 Qxf2+ 24.Kxf2 Bc7 25.a4 f5 26.Ng5 Bb6+ 27.Kf1 h6 28.Nge6 Nxe6 29.dxe6 Bxg2+
30.Kxg2 bxa4 31.Rd6 Na6 32.Rxa4 Nc5 33.Rxc4 Re8 34.Rc6 Ne4 35.Rc8 Nd6 36.Rxe8+ Nxe8
37.Rc8  1-0

[Event "Lone Pine op"]
[Site "Lone Pine"]
[Date "1979.??.??"]
[Round "1"]
[White "Gheorghiu, Florin"]
[Black "Petursson, Margeir"]
[Result "1-0"]
[WhiteElo "2540"]
[BlackElo "2420"]

1.d4 Nf6 2.c4 e6 3.Nf3 b6 4.a3 Bb7 5.Nc3 Be7 6.d5 d6 7.e4 c6 8.Bd3 a6 9.dxe6 fxe6
10.Ng5 Qd7 11.f4 e5 12.f5 b5 13.Ne6 Bd8 14.O-O Bb6+ 15.Kh1 Qe7 16.Be2 Rg8
17.Bg5 Nbd7 18.Qb3 Qf7 19.Qd1 Qe7 20.cxb5 axb5 21.Qb3 Qf7 22.a4 Nc5 23.Nxc5 Bxc5
24.Qxf7+ Kxf7 25.axb5 cxb5 26.Bxb5 Rgb8 27.Bc4+ Kf8 28.Bxf6 gxf6 29.Rxa8 Bxa8
30.b3 Bd4 31.Nd5 Bxd5 32.Bxd5 Rc8 33.Rb1 Rc2 34.b4 Kg7 35.b5 Kh6 36.h4 Bb6
37.Kh2 Kg7 38.Rb3 Kh6 39.Kh3 Rc1 40.Kg4 Rf1 41.g3 Rf2 42.Ra3 Rb2 43.Ra8 Rxb5
44.Rb8 Rb2 45.Rb7 Bd4 46.Rf7  1-0

[Event "Lone Pine op"]
[Site "Lone Pine"]
[Date "1979.??.??"]
[Round "5"]
[White "Gheorghiu, Florin"]
[Black "Ree, Hans"]
[Result "1-0"]
[WhiteElo "2540"]
[BlackElo "2480"]

1.c4 Nf6 2.d4 e6 3.Nf3 b6 4.a3 c5 5.e3 Bb7 6.Nc3 Ne4 7.Nxe4 Bxe4 8.Bd3 Bxd3
9.Qxd3 cxd4 10.Qxd4 Nc6 11.Qd3 Be7 12.e4 Qc7 13.O-O O-O 14.b3 Bf6 15.Ra2 Rfd8
16.Rd1 Rac8 17.g3 d6 18.Bf4 Ne5 19.Qe2 Ng6 20.Be3 Qb7 21.Bg5 Bxg5 22.Nxg5 Qc7
23.Nf3 Qc5 24.a4 Ne5 25.Rad2 h6 26.Nxe5 Qxe5 27.Qe3 Rc6 28.f4 Qc5 29.Rd4 Re8
30.Kf2 e5 31.Rd5 exf4 32.gxf4 Qa3 33.Rg1 Qb2+ 34.Rd2 Qf6 35.Rg4 Rc5 36.Qd4 Rce5
37.Kg3 h5 38.fxe5 dxe5 39.Qd7 Re7 40.Qd8+ Kh7 41.Rf2 Qe6 42.Rg5 g6 43.Kg2 h4
44.Qd5  1-0

[Event "URS-ch47"]
[Site "Minsk"]
[Date "1979.??.??"]
[Round "?"]
[White "Vaganian, Rafael A"]
[Black "Makarichev, Sergey"]
[Result "1-0"]
[WhiteElo "2570"]
[BlackElo "2500"]

1.d4 Nf6 2.c4 e6 3.Nf3 b6 4.a3 Bb7 5.Nc3 d5 6.cxd5 Nxd5 7.e3 Be7 8.Bb5+ c6
9.Bd3 Nd7 10.e4 Nxc3 11.bxc3 c5 12.Be3 Qc7 13.O-O O-O 14.Nd2 Rfd8 15.Qe2 Rac8
16.e5 cxd4 17.cxd4 Qc3 18.Ne4 Qb3 19.Rfb1 Qa4 20.Rb2 Bxe4 21.Bb5 Qxa3 22.Rxa3 Bxa3
23.Ra2 Bc1 24.Rxa7 Nxe5 25.dxe5 Bxe3 26.Qxe3 Rd1+ 27.Bf1 Rcc1 28.h4 Rxf1+
29.Kh2 Bxg2 30.Qf4  1-0

[Event "Munich"]
[Site "Munich"]
[Date "1979.??.??"]
[Round "?"]
[White "Sigurjonsson, Gudmundur"]
[Black "Lieb, Harald"]
[Result "1-0"]
[WhiteElo "2490"]
[BlackElo "2200"]

1.d4 Nf6 2.c4 e6 3.Nf3 b6 4.a3 Bb7 5.Nc3 Be7 6.d5 O-O 7.e4 exd5 8.cxd5 d6
9.Bc4 c6 10.O-O Nbd7 11.Re1 Rc8 12.Ba2 cxd5 13.exd5 Re8 14.Bf4 a6 15.a4 Bf8
16.Qd2 Nc5 17.Bg5 Rxe1+ 18.Rxe1 h6 19.Bh4 a5 20.Nd4 Ncd7 21.Ne6 fxe6 22.dxe6 Kh8
23.exd7 Qxd7 24.Bxf6 gxf6 25.Be6 Qg7 26.Bd5 Ba6 27.Qd4 Rb8 28.Re6 Qg5 29.Qxf6+ Qxf6
30.Rxf6 Re8 31.g3 Kg7 32.Rf7+ Kg6 33.f4 Bd3 34.Rb7 Kf5 35.Kf2 Re7 36.Rxb6 Bg7
37.Kf3 h5 38.h3 Re1 39.Rxd6 Rf1+ 40.Ke3 Bc2  1-0

[Event "Regency Masters A"]
[Site "Ramsgate"]
[Date "1979.??.??"]
[Round "2"]
[White "Niklasson, Christer"]
[Black "Langeweg, Kick"]
[Result "1/2-1/2"]
[WhiteElo "2385"]
[BlackElo "2440"]

1.d4 Nf6 2.c4 e6 3.Nf3 b6 4.a3 c5 5.e3 Be7 6.Nc3 cxd4 7.exd4 d5 8.cxd5 Nxd5
9.Bb5+ Bd7 10.Bd3 Nxc3 11.bxc3 Nc6 12.Qc2 Qc7 13.O-O h6 14.c4 O-O 15.Qe2 Bd6
16.Bb2 Ne7 17.Rac1 Rac8 18.d5 Rce8 19.Ne5 Bc8 20.Bb1 f6 21.Nf3 e5  1/2-1/2

[Event "Sao Paulo"]
[Site "Sao Paulo"]
[Date "1979.??.??"]
[Round "?"]
[White "Gheorghiu, Florin"]
[Black "Sunye Neto, Jaime"]
[Result "1-0"]
[WhiteElo "2540"]
[BlackElo "2375"]

1.d4 Nf6 2.c4 e6 3.Nf3 b6 4.a3 d5 5.Nc3 Be7 6.cxd5 exd5 7.g3 O-O 8.Bg2 Bb7
9.O-O c5 10.Ne5 Nc6 11.Be3 Nxe5 12.dxe5 Ne4 13.Qc2 Nxc3 14.bxc3 Qc7 15.Rad1 Rad8
16.Qa2 Qd7 17.Rd2 Qa4 18.Rfd1 d4 19.cxd4 cxd4 20.Bxd4 Bxg2 21.Kxg2 Bxa3 22.f3 b5
23.Rd3 a5 24.e6 Bb4 25.Qb2 Rc8 26.Bxg7 Rc2 27.exf7+ Kxf7 28.Qf6+ Kg8 29.Bxf8 Bxf8
30.Rd4 Rc4 31.Rd8  1-0

[Event "Sao Paulo"]
[Site "Sao Paulo"]
[Date "1979.??.??"]
[Round "?"]
[White "Gheorghiu, Florin"]
[Black "Stean, Michael"]
[Result "1/2-1/2"]
[WhiteElo "2540"]
[BlackElo "2540"]

1.d4 Nf6 2.c4 e6 3.Nf3 b6 4.a3 Bb7 5.Nc3 d5 6.cxd5 Nxd5 7.e3 Be7 8.Bb5+ c6
9.Bd3 c5 10.e4 Nxc3 11.bxc3 O-O 12.O-O Nc6 13.Be3 Na5 14.Qe2 Rc8 15.Rfd1 cxd4
16.cxd4 Rc3 17.a4 Qa8 18.Nd2 Rfc8 19.f3 Nc6 20.Nb1 Rb3 21.Nd2 Rb2 22.d5 Ne5  1/2-1/2

[Event "URS-ch (Women)"]
[Site "Tbilisi"]
[Date "1979.??.??"]
[Round "2"]
[White "Zaitseva, Ludmila G"]
[Black "Alexandria, Nana"]
[Result "1-0"]
[WhiteElo "2210"]
[BlackElo "2340"]

1.d4 Nf6 2.Nf3 b6 3.c4 e6 4.a3 c5 5.d5 Ba6 6.dxe6 fxe6 7.Qc2 d5 8.e3 Bd6
9.Bd3 e5 10.e4 d4 11.Bg5 O-O 12.Nbd2 Nc6 13.Nf1 Rb8 14.Ng3 Kh8 15.Qe2 Qd7
16.Nh4 Na5 17.Nhf5 Ne8 18.O-O b5 19.cxb5 Bxb5 20.Bxb5 Rxb5 21.Nxd6 Nxd6 22.f4 Nf7
23.fxe5 Rbb8 24.Bf4 Qe6 25.Rad1 Nb3 26.Qh5 g6 27.Qh4 Nxe5 28.Ne2 Kg8 29.Bh6 Rf7
30.h3 Rxf1+ 31.Rxf1 Nf7 32.Rf6 Qe8 33.Nf4 Qxe4 34.Re6 Qf5 35.g4 g5 36.Qe1 Qxe6
37.Qxe6 gxf4 38.g5 Nd2 39.g6 Nf3+ 40.Kf2 Ne5 41.gxf7+ Nxf7 42.Qg4+  1-0

[Event "CSR-ch"]
[Site "Trencianske Teplice"]
[Date "1979.??.??"]
[Round "3"]
[White "Hort, Vlastimil"]
[Black "Ambroz, Jan"]
[Result "1-0"]
[WhiteElo "2600"]
[BlackElo "2320"]

1.d4 Nf6 2.c4 e6 3.Nf3 b6 4.a3 Bb7 5.Nc3 Ne4 6.Nxe4 Bxe4 7.Bf4 Be7 8.e3 O-O
9.Bd3 Bxd3 10.Qxd3 d6 11.e4 Nd7 12.O-O e5 13.Be3 exd4 14.Nxd4 Bf6 15.Rad1 a5
16.b3 g6 17.Rfe1 Re8 18.f3 Bg7 19.Nb5 Nc5 20.Qc2 Ne6 21.Nc3 c6 22.Ne2 Qe7
23.Rd2 Rab8 24.Red1 Red8 25.b4 axb4 26.axb4 b5 27.cxb5 Rxb5 28.Qxc6 Rxb4
29.Rxd6 Rxd6 30.Qxd6 Qxd6 31.Rxd6 Rb1+ 32.Kf2 Be5 33.Rd2 Rb2 34.f4 Rxd2 35.Bxd2 Bc7
36.Kf3 f6 37.g4 Kf7 38.h4 Ng7 39.Ng3 h5 40.Be3 hxg4+ 41.Kxg4 Bb8 42.Bd4 Bc7
43.Bf2 Ne8 44.f5 Nd6 45.fxg6+ Kxg6 46.Be1 Nc4 47.Nf5 Ne5+ 48.Kh3 Nc4 49.Bb4 Bb8
50.Bc3 Bd6 51.Kg4 Bc5 52.h5+ Kf7 53.Kf3 Bf8 54.Ke2 Nb6 55.Kd3 Nd7 56.Bd4 Ba3
57.Kc4 Ke6 58.Be3 Ne5+ 59.Kc3 Kf7 60.Bf4 Bc5 61.Kd2 Bb4+ 62.Ke2 Nd7 63.Kf3 Bc3
64.Kg4 Nf8 65.Nd6+ Ke6 66.Ne8 Ba5 67.Bh6 Nh7 68.Ng7+ Ke5 69.Kf3 Kd6 70.Nf5+ Ke5
71.Bf4+ Ke6 72.Nd4+ Kf7 73.Kg4 Bb6 74.Nf3 Ke6 75.Nh4 Bd4 76.Ng6 Bc3 77.Bh6 Bb4
78.Nf4+ Kf7 79.Nd5 Ba3 80.Kf5 Bb2 81.Nc7 Bc3 82.Ne6 Ba5 83.Be3 Bc3 84.Bc1 Ba1
85.Bd2 Bb2 86.Nd8+ Ke7 87.Ba5 Ba1 88.Ne6 Kf7 89.Bb4 Bb2 90.Bd2 Ba3 91.Bf4 Bb4
92.Nd8+ Kg7 93.h6+ Kg8 94.Kg6 Bc3 95.Bd6 Bd2 96.Nc6 Bxh6 97.Ne7+ Kh8 98.Kxh6 Ng5
99.Bc5 Ne6 100.Be3  1-0

[Event "Tirnavia-A"]
[Site "Trnava"]
[Date "1979.??.??"]
[Round "2"]
[White "Ftacnik, Lubomir"]
[Black "Vadasz, Laszlo"]
[Result "1-0"]
[WhiteElo "2430"]
[BlackElo "2490"]

1.d4 Nf6 2.c4 e6 3.Nf3 b6 4.a3 c5 5.d5 exd5 6.cxd5 g6 7.Nc3 Bg7 8.e4 O-O
9.Bg5 d6 10.Nd2 a6 11.a4 Nbd7 12.Be2 Re8 13.O-O h6 14.Bh4 g5 15.Bg3 Ne5 16.f4 gxf4
17.Bxf4 Rb8 18.h3 Qd7 19.Qe1 b5 20.axb5 axb5 21.Qg3 Kh8 22.Nd1 c4 23.Ne3 Qe7
24.Rf2 Nh7 25.Raf1 Bd7 26.Kh1 Rbc8 27.Bg4 Nxg4 28.hxg4 Ng5 29.Qh2 Qf6 30.Bxd6 Qd4
31.Bf4 Kg8 32.Nf3 Nxf3 33.gxf3 c3 34.bxc3 Rxc3 35.Nf5 Bxf5 36.gxf5 Rd3 37.Bxh6 Rd1
38.Bxg7 Kxg7 39.Qg1+  1-0

[Event "URS Spartakiad"]
[Site "URS"]
[Date "1979.??.??"]
[Round "?"]
[White "Vaganian, Rafael A"]
[Black "Kupreichik, Viktor D"]
[Result "1-0"]
[WhiteElo "2570"]
[BlackElo "2365"]

1.d4 Nf6 2.c4 e6 3.Nf3 b6 4.a3 Bb7 5.Nc3 Ne4 6.Nxe4 Bxe4 7.Bf4 Be7 8.e3 d6
9.Bd3 Bxd3 10.Qxd3 Nd7 11.O-O O-O 12.Rfd1 g5 13.Bg3 f5 14.h3 Qe8 15.b4 Qg6
16.c5 Nf6 17.cxd6 cxd6 18.Rac1 Nd5 19.Rc6 f4 20.Qxg6+ hxg6 21.exf4 gxf4 22.Bh4 Rfd8
23.Bxe7 Nxe7 24.Rc2 Kf7 25.Re1 Nd5 26.Rce2 Re8 27.Ng5+ Kf6 28.h4 e5 29.Ne4+ Ke7
30.Rd2 Nf6 31.Nxd6 Kxd6 32.dxe5+ Ke7 33.exf6+ Kxf6 34.Rxe8 Rxe8 35.Rd6+ Re6
36.Rxe6+ Kxe6 37.g4  1-0

[Event "URS Spartakiad"]
[Site "URS"]
[Date "1979.??.??"]
[Round "?"]
[White "Sarkisian, V."]
[Black "Makarichev, Sergey"]
[Result "0-1"]
[WhiteElo "2200"]
[BlackElo "2500"]

1.d4 Nf6 2.Nf3 e6 3.c4 b6 4.a3 Bb7 5.Nc3 d5 6.cxd5 Nxd5 7.Nxd5 Qxd5 8.Bf4 Bd6
9.Bxd6 cxd6 10.e3 Nd7 11.Rc1 O-O 12.Rc7 Rfc8 13.Bc4 Qa5+ 14.b4 Bxf3 15.Qxf3 Qxa3
16.O-O Rxc7 17.Qxa8+ Nf8 18.Be2 Qxb4 19.h4 d5 20.h5 a5 21.h6 gxh6 22.Bd3 Rc3
23.Rb1 Rb3 24.Rxb3 Qxb3 25.Bxh7+ Kg7 26.Qc8 Nxh7  0-1